[Event "Lueneburg op-B"]
[Site "Lueneburg"]
[Date "2017.07.14"]
[Round "7"]
[White "Finkhaeuser, Jens"]
[Black "Schmidt, Johannes2222"]
[Result "1-0"]
[WhiteElo "1756"]
[BlackElo "1648"]
[PlyCount "43"]
[EventDate "2017.07.08"]
[EventType "swiss"]
[EventRounds "9"]
[EventCountry "GER"]
[SourceTitle "CBM 179 Extra"]
[Source "ChessBase"]
[SourceDate "2017.08.23"]
[SourceVersion "1"]
[SourceVersionDate "2017.08.23"]
[SourceQuality "1"]

1. e4 c5 2. Nf3 Nc6 3. d4 cxd4 4. Nxd4 e5 5. Nb5 a6 6. Nd6+ Bxd6 7. Qxd6 Qe7 8. Qd1 b5 9. Nc3 Bb7 10. Be3 Nf6 11. a3 b4 12. Nd5 Qd6 13. Nxf6+ Qxf6 14. f3 Rc8 15. axb4 Nxb4 16. c3 Nc6 17. Bxa6 Bxa6 18. Rxa6 0-0 19. Qxd7 Rfd8 20. Qg4 Ra8 21. Rxa8 Rxa8 22. 0-0 1-0